| 000 | 00679 a2200193 4500 | ||
|---|---|---|---|
| 020 | _a0824706579 | ||
| 020 | _a9780824706579 | ||
| 082 | 0 | 4 | _a515.625 |
| 090 |
_c1442 _d1442 |
||
| 100 | 1 | _aPachpatte, B.G. | |
| 245 | 1 | 0 |
_aInequalities for finite difference equations / _cB.G. Pachpatte. |
| 250 | _a1st ed. | ||
| 260 |
_a[S.l.] : _bCRC Press, _c2001. |
||
| 300 |
_a528 p. ; _c24 cm. |
||
| 490 | 1 | _aChapman & hall/crc pure and applied mathematics. | |
| 830 | 0 | _aChapman & hall/crc pure and applied mathematics. | |
| 942 |
_aSNS _cBK _k515.625 PAC |
||
| 999 |
_c30053 _d30053 |
||